[Event "2016 WBX Team Tournament"]
[Site "Edmonton"]
[Date "2016.12.18"]
[Round "4"]
[White "Guevarra, Alvin"]
[Black "Ludwig, Michael"]
[Result "0-1"]
[WhiteElo "1946"]
[BlackElo "1885"]
[PlyCount "80"]
[EventDate "2016.12.17"]
[EventType "team-swiss"]
[EventRounds "5"]
[EventCountry "CAN"]

1. d4 d5 2. Nf3 e6 3. Bf4 Nf6 4. Nbd2 c5 5. e3 Nc6 6. c3 Bd6 7. Bg5 cxd4 8.
exd4 h6 9. Bh4 g5 10. Bg3 Nh5 11. Bb5 Nxg3 12. hxg3 Bd7 13. Qe2 Qe7 14. Ne5
Nxe5 15. dxe5 Bc7 16. O-O-O O-O-O 17. Bxd7+ Qxd7 18. Nb3 Qa4 19. Kb1 Qe4+ 20.
Qxe4 dxe4 21. Nc5 e3 22. fxe3 Rxd1+ 23. Rxd1 Bxe5 24. g4 b6 25. Ne4 Rd8 26.
Rxd8+ Kxd8 27. Kc2 Ke7 28. Kd3 f5 29. gxf5 exf5 30. Nd2 g4 31. Nf1 h5 32. Ke2
h4 33. Kf2 Kd6 34. Nd2 b5 35. e4 f4 36. Nb3 b4 37. Nd4 bxc3 38. bxc3 Kc5 39.
Nf5 Bxc3 40. Nxh4 Kd4 0-1

[Event "2016 WBX Team Tournament"]
[Site "Edmonton"]
[Date "2016.12.18"]
[Round "4"]
[White "Karmali, Hafiz"]
[Black "Sharma, Vishruth"]
[Result "1/2-1/2"]
[WhiteElo "1992"]
[BlackElo "1541"]
[PlyCount "72"]
[EventDate "2016.12.17"]
[EventType "team-swiss"]
[EventRounds "5"]
[EventCountry "CAN"]

1. d4 d5 2. c4 e6 3. Nc3 Nf6 4. Bg5 Be7 5. e3 b6 6. Nf3 Nbd7 7. Rc1 Bb7 8. Bd3
O-O 9. O-O c5 10. Re1 Rc8 11. b3 h6 12. Bf4 Ne4 13. Bxe4 dxe4 14. Ne5 cxd4 15.
exd4 Nxe5 16. Bxe5 Bb4 17. Re3 f6 18. Bg3 f5 19. Be5 f4 20. Qg4 Qg5 21. Qxe6+
Rf7 22. h4 Qxh4 23. Rh3 Qg5 24. Nxe4 Qe7 25. Qxe7 Bxe7 26. Re1 Rd8 27. d5 Bc8
28. Rd3 Bf5 29. Bxf4 Bb4 30. Re2 Bg4 31. f3 Rxf4 32. fxg4 Rxg4 33. d6 Rd7 34.
g3 Rg6 35. Kg2 Re6 36. Kf3 Bxd6 1/2-1/2

[Event "2016 WBX Team Tournament"]
[Site "Edmonton"]
[Date "2016.12.18"]
[Round "4"]
[White "Kazmaier, Daniel"]
[Black "Villavieja, Butch"]
[Result "0-1"]
[WhiteElo "2323"]
[BlackElo "2194"]
[PlyCount "94"]
[EventDate "2016.12.17"]
[EventType "team-swiss"]
[EventRounds "5"]
[EventCountry "CAN"]

1. d4 Nf6 2. Bg5 Ne4 3. Bf4 c5 4. f3 Qa5+ 5. c3 Nf6 6. Nd2 cxd4 7. Nb3 Qb6 8.
Qxd4 Nc6 9. Qxb6 axb6 10. e4 e5 11. Bg3 Be7 12. Bd3 h6 13. Bh4 Na5 14. Nd2 Nxe4
15. Bxe7 Nxd2 16. Bb4 Ndc4 17. O-O-O d5 18. b3 Ne3 19. Bb5+ Nc6 20. Re1 Nxg2
21. Rxe5+ Be6 22. Ne2 Kd8 23. Bxc6 bxc6 24. a4 c5 25. Ba3 Nh4 26. Nf4 Re8 27.
Nxd5 Nxf3 28. Rh5 Ra6 29. Rd1 Kc8 30. Rd3 Bg4 31. Nxb6+ Rxb6 32. Rxc5+ Kb7 33.
h3 Ne1 34. Rg3 Be6 35. Re5 Bd7 36. Rxe8 Bxe8 37. Re3 Re6 38. Rxe6 fxe6 39. Bf8
h5 40. Bxg7 Nd3+ 41. Kd2 Nc5 42. Kc2 Bg6+ 43. Kb2 Nd3+ 44. Ka3 e5 45. c4 e4 46.
Bd4 Ne1 47. c5 Nc2+ 0-1

[Event "2016 WBX Team Tournament"]
[Site "Edmonton"]
[Date "2016.12.18"]
[Round "4"]
[White "Koneru, Nimai"]
[Black "Robertson, Trevor"]
[Result "1-0"]
[WhiteElo "1797"]
[BlackElo "1653"]
[PlyCount "125"]
[EventDate "2016.12.17"]
[EventType "team-swiss"]
[EventRounds "5"]
[EventCountry "CAN"]

1. d4 d5 2. c4 e6 3. Nc3 c6 4. cxd5 exd5 5. Qc2 Nf6 6. Bg5 Bd6 7. e3 h6 8. Bxf6
Qxf6 9. Nxd5 Qg5 10. Nc3 Be6 11. Ne4 Qa5+ 12. Qd2 Qxd2+ 13. Kxd2 Bb4+ 14. Nc3
O-O 15. a3 Ba5 16. b4 Bd8 17. Nf3 Nd7 18. Bd3 Nf6 19. h3 Re8 20. Rhe1 Be7 21.
Kc2 Rac8 22. Kb2 Bf8 23. Rac1 g6 24. Nd2 Red8 25. Nce4 Nxe4 26. Nxe4 f5 27. Nc5
Bxc5 28. bxc5 Kg7 29. Bc4 Kf6 30. Red1 Bd5 31. Bxd5 Rxd5 32. Rc4 b5 33. cxb6
Rb5+ 34. Ka2 axb6 35. Rdc1 c5 36. a4 Ra5 37. Rb1 b5 38. Rxb5 Rxb5 39. axb5 Ra8+
40. Kb2 cxd4 41. exd4 Ke6 42. Rc6+ Kd5 43. Rxg6 Kxd4 44. Rxh6 Rg8 45. g3 Re8
46. Rh4+ Kc5 47. Rf4 Re5 48. g4 fxg4 49. hxg4 Re2+ 50. Kc3 Kxb5 51. Kd3 Re1 52.
Re4 Rd1+ 53. Ke3 Kc5 54. Kf4 Kd5 55. Kf5 Rf1 56. f4 Rg1 57. g5 Rg2 58. Re8 Kd6
59. Re6+ Kd7 60. Kf6 Rg4 61. f5 Rf4 62. g6 Rg4 63. g7 1-0

[Event "2016 WBX Team Tournament"]
[Site "Edmonton"]
[Date "2016.12.18"]
[Round "4"]
[White "Ludwig, David"]
[Black "Tuvera, Mark"]
[Result "1-0"]
[WhiteElo "1838"]
[BlackElo "1560"]
[PlyCount "131"]
[EventDate "2016.12.17"]
[EventType "team-swiss"]
[EventRounds "5"]
[EventCountry "CAN"]

1. c4 d5 2. cxd5 Qxd5 3. Nc3 Qd6 4. g3 Nf6 5. Bg2 c6 6. Nf3 Bg4 7. O-O e6 8.
Qb3 Qc7 9. d4 Be7 10. e4 O-O 11. Bf4 Qd7 12. Rad1 Qc8 13. Rfe1 Re8 14. Rd2 Nbd7
15. Rc1 Nf8 16. d5 Ng6 17. Be3 e5 18. Rdc2 Qd7 19. dxc6 bxc6 20. Rd2 Qc8 21.
Qa4 h5 22. Nd5 Bxf3 23. Nxf6+ Bxf6 24. Bxf3 h4 25. Qxc6 Qh3 26. Bg2 Qg4 27. h3
Qe6 28. Qxe6 Rxe6 29. a3 Re7 30. Rdc2 Rb7 31. Bc5 Rb3 32. Bb4 hxg3 33. Bc3
gxf2+ 34. Kxf2 Rd8 35. Bf1 Bg5 36. Bc4 Rb6 37. Rg1 Bh4+ 38. Ke3 Rf6 39. Rcg2
Kh7 40. Be1 Bxe1 41. Rxe1 Nf4 42. Rd2 Rfd6 43. Red1 Rxd2 44. Rxd2 Rxd2 45. Kxd2
Kg8 46. Bf1 Kf8 47. b4 Ke7 48. Kc3 Kd6 49. Kc4 Kc7 50. a4 g6 51. Kc3 f6 52. Kc4
Kd6 53. b5 Ne6 54. a5 Nd4 55. Bg2 g5 56. Kb4 f5 57. exf5 Nxf5 58. b6 a6 59. Bb7
Kd7 60. Bxa6 Kc6 61. Bb5+ Kb7 62. Kc5 Nd4 63. a6+ Kb8 64. Bd3 Ne6+ 65. Kd6 Nd8
66. a7+ 1-0

[Event "2016 WBX Team Tournament"]
[Site "Edmonton"]
[Date "2016.12.18"]
[Round "4"]
[White "Pechenkin, Vladimir"]
[Black "Banerjee, Bitan"]
[Result "1/2-1/2"]
[WhiteElo "2337"]
[BlackElo "2416"]
[PlyCount "62"]
[EventDate "2016.12.17"]
[EventType "team-swiss"]
[EventRounds "5"]
[EventCountry "CAN"]

1. c4 g6 2. Nc3 Bg7 3. g3 d6 4. Bg2 e5 5. d3 f5 6. e4 Nf6 7. Nge2 O-O 8. O-O c6
9. exf5 gxf5 10. d4 Qe8 11. b3 Nh5 12. dxe5 dxe5 13. Ba3 Rf7 14. Re1 Be6 15. f4
e4 16. Qc2 Na6 17. Rad1 Rd8 18. Na4 Rfd7 19. Rxd7 Qxd7 20. g4 fxg4 21. Bxe4 Nf6
22. f5 Bf7 23. Bg2 Nh5 24. Nac3 Qc7 25. Rd1 Rxd1+ 26. Qxd1 Be5 27. h3 gxh3 28.
Bxh3 Nf6 29. Qd3 Bh5 30. Ne4 Nxe4 31. Qxe4 Qg7+ 1/2-1/2

[Event "2016 WBX Team Tournament"]
[Site "Edmonton"]
[Date "2016.12.18"]
[Round "4"]
[White "Rohatynski, Jordan"]
[Black "Brazeau, Robert"]
[Result "0-1"]
[WhiteElo "1527"]
[BlackElo "1932"]
[PlyCount "62"]
[EventDate "2016.12.17"]
[EventType "team-swiss"]
[EventRounds "5"]
[EventCountry "CAN"]

1. e4 e6 2. d4 d5 3. e5 c5 4. c3 Nc6 5. Nf3 Bd7 6. a3 f6 7. b4 cxd4 8. cxd4
fxe5 9. Nxe5 Nxe5 10. dxe5 Qc7 11. Bb2 O-O-O 12. Qd4 Kb8 13. Bd3 Be7 14. O-O
Rc8 15. Nd2 Qd8 16. Nb3 Bg5 17. f4 Bh6 18. Nc5 Ne7 19. Rf3 Nc6 20. Nxd7+ Qxd7
21. Qf2 g6 22. Bb5 Rhf8 23. Bd4 a6 24. a4 axb5 25. axb5 Nxd4 26. Qxd4 Qxb5 27.
Qa7+ Kc7 28. Rc3+ Kd7 29. Ra5 Qxb4 30. Rxd5+ exd5 31. e6+ Ke7 0-1

[Event "2016 WBX Team Tournament"]
[Site "Edmonton"]
[Date "2016.12.18"]
[Round "4"]
[White "Saeed, Mohsen"]
[Black "Pogosian, Dmitri"]
[Result "1-0"]
[WhiteElo "1591"]
[BlackElo "1764"]
[PlyCount "74"]
[EventDate "2016.12.17"]
[EventType "team-swiss"]
[EventRounds "5"]
[EventCountry "CAN"]

1. d4 d5 2. Nf3 Nf6 3. c4 e6 4. Nc3 Be7 5. Bg5 Nbd7 6. e3 b6 7. cxd5 exd5 8.
Ne5 Bb7 9. Bb5 O-O 10. Nc6 Bxc6 11. Bxc6 Rc8 12. Qa4 h6 13. Bh4 a6 14. Bxd7
Nxd7 15. Bxe7 Qxe7 16. Nxd5 Qe6 17. Nf4 Qd6 18. O-O b5 19. Qa5 c5 20. dxc5 Nxc5
21. Rfd1 Qe5 22. b4 Ne4 23. Nd3 Qf6 24. f3 Nd2 25. Nc5 Nxf3+ 26. Kh1 Ne5 27.
Qxa6 Qxa6 28. Nxa6 Nc4 29. Rd5 Na3 30. Rad1 Rc6 31. Rd6 Rc2 32. R6d2 Rc6 33.
Nc5 Nc4 34. Re2 Re8 35. e4 Kf8 36. h3 f5 37. Rf2 Ne3 1-0

[Event "2016 WBX Team Tournament"]
[Site "Edmonton"]
[Date "2016.12.18"]
[Round "4"]
[White "Yearwood, Roy"]
[Black "MacKinnon, Keith"]
[Result "1/2-1/2"]
[WhiteElo "2077"]
[BlackElo "2270"]
[PlyCount "59"]
[EventDate "2016.12.17"]
[EventType "team-swiss"]
[EventRounds "5"]
[EventCountry "CAN"]

1. Nf3 Nf6 2. c4 c5 3. g3 g6 4. Bg2 Bg7 5. O-O O-O 6. d4 cxd4 7. Qxd4 Nc6 8.
Qh4 Re8 9. Nc3 d6 10. Bh6 Bh8 11. Rad1 Be6 12. c5 Qa5 13. cxd6 exd6 14. Rxd6
Ne7 15. b4 Qa3 16. Nb5 Qxa2 17. Rd2 Nf5 18. Rxa2 Nxh4 19. Rxa7 Rxa7 20. Nxa7
Nxg2 21. Kxg2 Bc4 22. Rc1 Bxe2 23. Nd4 Bd3 24. Nab5 Ng4 25. Bf4 Rd8 26. f3 Bxd4
27. Nxd4 Rxd4 28. fxg4 Rxb4 29. Rc8+ Kg7 30. g5 1/2-1/2

[Event "2016 WBX Team Tournament"]
[Site "Edmonton"]
[Date "2016.12.18"]
[Round "4"]
[White "Zeggelaar, Mike"]
[Black "Fellah, Mohamad"]
[Result "0-1"]
[WhiteElo "1972"]
[BlackElo "2092"]
[PlyCount "68"]
[EventDate "2016.12.17"]
[EventType "team-swiss"]
[EventRounds "5"]
[EventCountry "CAN"]

1. g4 d5 2. Bg2 Bxg4 3. c4 c6 4. cxd5 cxd5 5. Qb3 Nf6 6. Qxb7 Nbd7 7. d4 Rb8 8.
Qxa7 e6 9. Qa4 Rb4 10. Qd1 Qb6 11. Qc2 Rc4 12. Nc3 Bf5 13. Qb3 Rb4 14. Qa3 Bd6
15. Nf3 O-O 16. b3 Rxd4 17. Qb2 Rg4 18. Bh3 d4 19. Na4 Qb7 20. Bxg4 Bxg4 21.
Rg1 Bxf3 22. exf3 Ne5 23. Kf1 Nxf3 24. Rg2 Qb5+ 25. Qe2 d3 26. Qxf3 d2+ 27. Kg1
Qe5 28. Rxg7+ Kxg7 29. Qg2+ Kh8 30. Bb2 Qf5 31. Kh1 Rg8 32. Qc6 Qxf2 33. Bxf6+
Qxf6 34. Qc3 Be5 0-1

[Event "2016 WBX Team Tournament"]
[Site "Edmonton"]
[Date "2016.12.18"]
[Round "5"]
[White "Brazeau, Robert"]
[Black "Karmali, Hafiz"]
[Result "1/2-1/2"]
[WhiteElo "1932"]
[BlackElo "1992"]
[PlyCount "88"]
[EventDate "2016.12.17"]
[EventType "team-swiss"]
[EventRounds "5"]
[EventCountry "CAN"]

1. d4 Nf6 2. c4 e5 3. dxe5 Ng4 4. Nf3 Bc5 5. e3 Nc6 6. Be2 Ncxe5 7. Nxe5 Nxe5
8. Nc3 O-O 9. O-O a5 10. Qd5 d6 11. b3 Bd7 12. Bb2 Bc6 13. Qd2 Re8 14. Rad1 Re6
15. Nd5 Qh4 16. Bxe5 dxe5 17. Bf3 Rh6 18. h3 e4 19. Be2 Bd6 20. f4 Qg3 21. Qe1
Rxh3 22. Qxg3 Rxg3 23. Kf2 Rg6 24. Rh1 a4 25. g4 axb3 26. axb3 Ra3 27. Ra1 Bxd5
28. Rxa3 Bxa3 29. cxd5 h6 30. Ra1 Bc5 31. Ra4 Rd6 32. Rxe4 Rxd5 33. Re8+ Kh7
34. Bf3 Rd2+ 35. Kg3 g6 36. Bxb7 Rd3 37. Ba6 Rxb3 38. Bc4 Rxe3+ 39. Rxe3 Bxe3
40. Bxf7 Kg7 41. Be8 c5 42. Bb5 Kf6 43. Kf3 Bc1 44. Bc4 Bb2 1/2-1/2

[Event "2016 WBX Team Tournament"]
[Site "Edmonton"]
[Date "2016.12.18"]
[Round "5"]
[White "Dave, Bhavik"]
[Black "Ludwig, Michael"]
[Result "0-1"]
[WhiteElo "1909"]
[BlackElo "1885"]
[PlyCount "48"]
[EventDate "2016.12.17"]
[EventType "team-swiss"]
[EventRounds "5"]
[EventCountry "CAN"]

1. d4 d5 2. c4 e6 3. Nc3 Nf6 4. cxd5 exd5 5. Bg5 Be7 6. e3 c6 7. Bd3 Ne4 8. Bf4
Nxc3 9. bxc3 Bd6 10. Bg3 Be6 11. Ne2 Bxg3 12. hxg3 g6 13. Nf4 Qf6 14. Rb1 b6
15. Qa4 b5 16. Bxb5 cxb5 17. Qxb5+ Nd7 18. Qc6 O-O 19. Rb7 Rfc8 20. Qd6 Rxc3
21. Ne2 Rc2 22. Rxd7 Rac8 23. Rxa7 Rxe2+ 24. Kd1 Rd2+ 0-1

[Event "2016 WBX Team Tournament"]
[Site "Edmonton"]
[Date "2016.12.18"]
[Round "5"]
[White "Gardner, Robert"]
[Black "Kazmaier, Daniel"]
[Result "1-0"]
[WhiteElo "2291"]
[BlackElo "2323"]
[PlyCount "79"]
[EventDate "2016.12.17"]
[EventType "team-swiss"]
[EventRounds "5"]
[EventCountry "CAN"]

1. d4 d6 2. e4 Nf6 3. f3 g6 4. c4 c5 5. Ne2 Bg7 6. Nbc3 O-O 7. Be3 Qa5 8. Nc1
Nbd7 9. Nb3 Qc7 10. Be2 a6 11. O-O cxd4 12. Nxd4 b6 13. Rc1 e6 14. Qd2 Rd8 15.
Rfd1 Bb7 16. Qe1 Rac8 17. Qf2 Qb8 18. b4 a5 19. bxa5 bxa5 20. Ndb5 Ne5 21. Ba7
Qa8 22. Nxd6 Rxd6 23. Rxd6 Ne8 24. Rdd1 Nxc4 25. Bxc4 Rxc4 26. Nb5 Rxc1 27.
Rxc1 Qd8 28. Qb6 Qd2 29. Rf1 Bc8 30. Qb8 Bd7 31. a4 Qb4 32. Qb7 Bxb5 33. Qxb5
Bd4+ 34. Bxd4 Qxd4+ 35. Kh1 Nd6 36. Qxa5 Nc4 37. Qb4 Qd3 38. Rc1 Ne3 39. Rc8+
Kg7 40. Qc3+ 1-0

[Event "2016 WBX Team Tournament"]
[Site "Edmonton"]
[Date "2016.12.18"]
[Round "5"]
[White "Guevarra, Alvin"]
[Black "Zeggelaar, Mike"]
[Result "1/2-1/2"]
[WhiteElo "1946"]
[BlackElo "1972"]
[PlyCount "48"]
[EventDate "2016.12.17"]
[EventType "team-swiss"]
[EventRounds "5"]
[EventCountry "CAN"]

1. d4 Nf6 2. Nf3 g6 3. Bg5 Bg7 4. Nbd2 d5 5. e3 O-O 6. c3 b6 7. Bd3 c5 8. a4
Nc6 9. O-O a6 10. Re1 Re8 11. Qb1 e5 12. dxe5 Nxe5 13. Nxe5 Rxe5 14. Nf3 Re8
15. e4 dxe4 16. Bxe4 Ra7 17. Bc2 Rae7 18. Rxe7 Qxe7 19. Qe1 Qd6 20. Qd2 Qxd2
21. Nxd2 h6 22. Bxf6 Bxf6 23. Ne4 Be5 24. f4 Bg7 1/2-1/2

[Event "2016 WBX Team Tournament"]
[Site "Edmonton"]
[Date "2016.12.18"]
[Round "5"]
[White "Ludwig, David"]
[Black "Saeed, Mohsen"]
[Result "0-1"]
[WhiteElo "1838"]
[BlackElo "1591"]
[PlyCount "34"]
[EventDate "2016.12.17"]
[EventType "team-swiss"]
[EventRounds "5"]
[EventCountry "CAN"]

1. b3 f5 2. Bb2 d6 3. d4 Nf6 4. Nf3 g6 5. g3 Bg7 6. Bg2 O-O 7. c4 c6 8. O-O h6
9. Nfd2 g5 10. Nc3 e5 11. dxe5 dxe5 12. e4 f4 13. Nf3 Qe7 14. Qe2 g4 15. Nxe5
Qxe5 16. Nd5 f3 17. Bxf3 gxf3 0-1

[Event "2016 WBX Team Tournament"]
[Site "Edmonton"]
[Date "2016.12.18"]
[Round "5"]
[White "MacKinnon, Keith"]
[Black "Valencia, Belsar"]
[Result "1/2-1/2"]
[WhiteElo "2270"]
[BlackElo "2364"]
[PlyCount "40"]
[EventDate "2016.12.17"]
[EventType "team-swiss"]
[EventRounds "5"]
[EventCountry "CAN"]

1. e4 c5 2. Nf3 e6 3. d4 cxd4 4. Nxd4 a6 5. Be2 Nf6 6. Nc3 d6 7. O-O Be7 8. f4
Qc7 9. Be3 Nc6 10. Kh1 O-O 11. a4 Re8 12. a5 Nxa5 13. e5 dxe5 14. fxe5 Nd5 15.
Nxe6 Bxe6 16. Nxd5 Bxd5 17. Qxd5 Nc6 18. Bh5 Kh8 19. Bxf7 Red8 20. Qb3 Qxe5
1/2-1/2

[Event "2016 WBX Team Tournament"]
[Site "Edmonton"]
[Date "2016.12.18"]
[Round "5"]
[White "Razzaq, Ali"]
[Black "Koperski, Dustin"]
[Result "0-1"]
[WhiteElo "1843"]
[BlackElo "1690"]
[PlyCount "72"]
[EventDate "2016.12.17"]
[EventType "team-swiss"]
[EventRounds "5"]
[EventCountry "CAN"]

1. d4 Nf6 2. g3 c5 3. Bg2 cxd4 4. Qxd4 Nc6 5. Qa4 g6 6. Nf3 Bg7 7. O-O O-O 8.
c3 d6 9. e4 Bd7 10. Qc2 Rc8 11. h3 Be6 12. Rd1 Nd7 13. Be3 a6 14. Ng5 Nde5 15.
Nxe6 fxe6 16. Qb3 Qd7 17. Bb6 Nf3+ 18. Bxf3 Rxf3 19. Nd2 Rf7 20. Nc4 Ne5 21.
Na5 Nf3+ 22. Kg2 e5 23. Be3 b5 24. a4 Rcf8 25. axb5 axb5 26. Qd5 Kh8 27. Nb3
Ng5 28. g4 Nxh3 29. Kxh3 Rf3+ 30. Kg2 Qxg4+ 31. Kf1 Rxe3 32. Ra8 Ref3 33. Rxf8+
Rxf8 34. Rd2 Bh6 35. Re2 Qh3+ 36. Ke1 Qh1# 0-1

[Event "2016 WBX Team Tournament"]
[Site "Edmonton"]
[Date "2016.12.18"]
[Round "5"]
[White "Rohatynski, Jordan"]
[Black "Briones, Dante"]
[Result "0-1"]
[WhiteElo "1527"]
[BlackElo "1970"]
[PlyCount "76"]
[EventDate "2016.12.17"]
[EventType "team-swiss"]
[EventRounds "5"]
[EventCountry "CAN"]

1. e4 c5 2. Nf3 d6 3. b3 Nf6 4. e5 dxe5 5. Nxe5 Qd4 6. Bb5+ Nc6 7. Nc4 Bg4 8.
Bb2 Qe4+ 9. Ne3 Bxd1 10. Nc3 Qh4 11. Rxd1 e6 12. Ne2 Be7 13. d4 O-O 14. d5 Nxd5
15. Nxd5 exd5 16. O-O d4 17. c3 dxc3 18. Nxc3 Bf6 19. Rd3 Bd4 20. Rh3 Qe7 21.
Nd5 Qe5 22. Bd3 g6 23. Bxd4 cxd4 24. Bc4 b5 25. f4 Qd6 26. f5 bxc4 27. bxc4 Ne7
28. Nf4 Nxf5 29. g4 Ne3 30. Rff3 Nxg4 31. Nd3 Ne5 32. Nxe5 Qxe5 33. Rd3 Rac8
34. a4 Rxc4 35. Rhf3 Rc2 36. Rf2 Qe1+ 37. Rf1 Qe2 38. Rh3 Qg2# 0-1

[Event "2016 WBX Team Tournament"]
[Site "Edmonton"]
[Date "2016.12.18"]
[Round "5"]
[White "Villavieja, Butch"]
[Black "Banerjee, Bitan"]
[Result "1-0"]
[WhiteElo "2194"]
[BlackElo "2416"]
[PlyCount "69"]
[EventDate "2016.12.17"]
[EventType "team-swiss"]
[EventRounds "5"]
[EventCountry "CAN"]

1. e4 e6 2. d4 d5 3. Nc3 Nf6 4. e5 Nfd7 5. f4 c5 6. Nf3 Be7 7. Be3 O-O 8. Qd2
Nc6 9. Qf2 f6 10. exf6 Nxf6 11. Bd3 c4 12. Be2 b5 13. Ne5 Bb7 14. Bf3 b4 15.
Ne2 Bd6 16. Qh4 Ne7 17. g4 Ne4 18. O-O Qc7 19. c3 a5 20. Bg2 Rab8 21. Rf3 Rf6
22. Raf1 h6 23. Qe1 Rbf8 24. h4 g5 25. hxg5 hxg5 26. Rh3 bxc3 27. bxc3 Ng6 28.
Nxg6 Rxg6 29. Bxe4 dxe4 30. fxg5 Rf3 31. Qh4 Qg7 32. Rfxf3 exf3 33. Ng3 Kf7 34.
Kf2 Bc6 35. Nf5 1-0

[Event "2016 WBX Team Tournament"]
[Site "Edmonton"]
[Date "2016.12.18"]
[Round "5"]
[White "Yearwood, Roy"]
[Black "Seehagen, Terry"]
[Result "1-0"]
[WhiteElo "2077"]
[BlackElo "1785"]
[PlyCount "79"]
[EventDate "2016.12.17"]
[EventType "team-swiss"]
[EventRounds "5"]
[EventCountry "CAN"]

1. Nf3 f5 2. c4 Nc6 3. d4 e6 4. d5 exd5 5. cxd5 Na5 6. Qc2 b6 7. Qxf5 Nf6 8.
Bg5 Bb4+ 9. Nc3 O-O 10. Nd2 Ba6 11. e3 Bxf1 12. Rxf1 Qe8 13. Bxf6 Rxf6 14. Qe4
Qf8 15. a3 Bxc3 16. bxc3 Re8 17. Qd3 Nb7 18. Ne4 Rg6 19. Ng3 Nc5 20. Qc4 d6 21.
O-O-O b5 22. Qxb5 Rb8 23. Qc4 Rb3 24. Rd2 Qb8 25. Rc2 Rb1+ 26. Kd2 Nb3+ 27. Ke2
Rxf1 28. Nxf1 Rxg2 29. Qe4 Rg1 30. Ng3 Na1 31. Qe6+ Kh8 32. Ra2 h6 33. c4 Qb1
34. Qc8+ Kh7 35. Qf5+ Qxf5 36. Nxf5 Nb3 37. Rb2 Nc1+ 38. Kd2 Kg6 39. Nd4 Kf6
40. Rb1 1-0

[Event "2017 Edmonton Championship"]
[Site "Edmonton"]
[Date "2017.01.05"]
[Round "1.1"]
[White "Efemuai, Martins"]
[Black "Briones, Dante"]
[Result "0-1"]
[WhiteElo "2165"]
[BlackElo "2004"]
[PlyCount "44"]
[EventDate "2017.01.05"]
[EventType "k.o."]
[EventRounds "4"]
[EventCountry "CAN"]
[SourceDate "2016.04.20"]

1. Nf3 Nf6 2. d4 d5 3. Bf4 Bg4 4. h3 Bxf3 5. exf3 e6 6. Nc3 c5 7. Nb5 Na6 8. c3
Be7 9. dxc5 Bxc5 10. b4 Be7 11. Bd3 O-O 12. O-O Qd7 13. Be5 Qd8 14. Qe2 Nd7 15.
Bh2 Bf6 16. a4 g6 17. Rac1 e5 18. Rfd1 Nc7 19. Nd6 Rb8 20. a5 a6 21. c4 Qe7 22.
c5 Rfd8 0-1

[Event "2017 Edmonton Championship"]
[Site "Edmonton"]
[Date "2017.01.05"]
[Round "1.1"]
[White "Gardner, Robert"]
[Black "Karmali, Hafiz"]
[Result "0-1"]
[WhiteElo "2288"]
[BlackElo "1959"]
[PlyCount "62"]
[EventDate "2017.01.05"]
[EventType "k.o."]
[EventRounds "4"]
[EventCountry "CAN"]
[SourceDate "2016.04.20"]

1. d4 d5 2. c4 e6 3. Nc3 f5 4. Bf4 Bd6 5. e3 Nf6 6. Nf3 O-O 7. Bd3 Ne4 8. O-O
Nc6 9. Rc1 Ne7 10. Bxd6 cxd6 11. cxd5 Nxc3 12. bxc3 Nxd5 13. c4 Nf6 14. Qb3 Kh8
15. c5 dxc5 16. Rxc5 b6 17. Rc2 Qe8 18. Ne5 Bb7 19. f3 Nd5 20. Bb5 Qe7 21. Rfc1
Rac8 22. Nc6 Qd6 23. Nxa7 Rxc2 24. Rxc2 f4 25. exf4 Nxf4 26. Qe3 e5 27. Rd2 Rd8
28. d5 Nxd5 29. Qf2 Qa3 30. Qxb6 Rd7 31. Bf1 Nxb6 0-1

[Event "2017 Edmonton Championship"]
[Site "Edmonton"]
[Date "2017.01.05"]
[Round "1.1"]
[White "Kalisvaart, Peter"]
[Black "Hughey, Micah"]
[Result "1/2-1/2"]
[WhiteElo "2090"]
[BlackElo "2113"]
[PlyCount "40"]
[EventDate "2017.01.05"]
[EventType "k.o."]
[EventRounds "4"]
[EventCountry "CAN"]
[SourceDate "2016.04.20"]

1. e4 e5 2. Nf3 Nc6 3. Nc3 Nf6 4. d4 exd4 5. Nxd4 Bb4 6. Nxc6 bxc6 7. Bd3 d5 8.
exd5 cxd5 9. O-O O-O 10. Bg5 c6 11. Ne2 h6 12. Bh4 c5 13. c4 d4 14. a3 Ba5 15.
b4 Bc7 16. Bg3 Bxg3 17. Nxg3 Qc7 18. Re1 Be6 19. b5 Rfe8 20. a4 Qa5 1/2-1/2

[Event "2017 Edmonton Championship"]
[Site "Edmonton"]
[Date "2017.01.05"]
[Round "1.1"]
[White "Miller, David"]
[Black "Purewal, Sardul"]
[Result "1-0"]
[WhiteElo "2231"]
[BlackElo "1970"]
[PlyCount "67"]
[EventDate "2017.01.05"]
[EventType "k.o."]
[EventRounds "4"]
[EventCountry "CAN"]
[SourceDate "2016.04.20"]

1. e4 c5 2. Nf3 Nc6 3. d4 cxd4 4. Nxd4 e5 5. Nb5 d6 6. N1c3 a6 7. Na3 Be6 8.
Nd5 h6 9. Be3 Bxd5 10. exd5 Qa5+ 11. Qd2 Qxd2+ 12. Bxd2 Nce7 13. c4 Nf6 14. f4
exf4 15. Bxf4 Ng6 16. Be3 Be7 17. Be2 O-O 18. O-O Ne4 19. Bd3 Bg5 20. Bxg5 Nxg5
21. Bxg6 fxg6 22. Rae1 Rfe8 23. h4 Ne4 24. Rf3 Nf6 25. Rfe3 Kf7 26. Re6 Rxe6
27. Rxe6 Rd8 28. Nc2 Ne8 29. Nd4 Nc7 30. Re3 Re8 31. Rb3 b5 32. cxb5 a5 33. b6
a4 34. Rf3+ 1-0

[Event "2017 Edmonton Championship"]
[Site "Edmonton"]
[Date "2017.01.05"]
[Round "1.1"]
[White "Pisanski, Piotr"]
[Black "Reeve, Jeff"]
[Result "0-1"]
[WhiteElo "1926"]
[BlackElo "2310"]
[PlyCount "71"]
[EventDate "2017.01.05"]
[EventType "k.o."]
[EventRounds "4"]
[EventCountry "CAN"]
[SourceDate "2016.04.20"]

1. e4 c5 2. c3 Nf6 3. e5 Nd5 4. d4 cxd4 5. cxd4 d6 6. Nf3 e6 7. Bd2 Nc6 8. Bd3
Bd7 9. O-O Rc8 10. a3 Qb6 11. Bc3 Nxc3 12. bxc3 dxe5 13. dxe5 Na5 14. Nbd2 Rxc3
15. Rb1 Qc7 16. Ne4 Rxa3 17. Qd2 Be7 18. Rfe1 Bc6 19. Nd4 Qd7 20. Nxc6 Nxc6 21.
Bb5 Qxd2 22. Bxc6+ bxc6 23. Nxd2 O-O 24. Rb7 Bd8 25. Nc4 Ra2 26. f3 h6 27. h3
Bh4 28. Re4 Bg3 29. Rb1 Rd8 30. Rg4 Bf2+ 31. Kh1 Bd4 32. Rb7 Rc2 33. Rb4 c5 34.
Ra4 Rb8 35. f4 h5 36. Rg5 0-1

[Event "2017 Edmonton Championship"]
[Site "Edmonton"]
[Date "2017.01.05"]
[Round "1.1"]
[White "Thiel, Rodney"]
[Black "Grumic, Sasa"]
[Result "0-1"]
[WhiteElo "1987"]
[BlackElo "2227"]
[PlyCount "76"]
[EventDate "2017.01.05"]
[EventType "k.o."]
[EventRounds "4"]
[EventCountry "CAN"]
[SourceDate "2016.04.20"]

1. d4 Nf6 2. c4 c6 3. Nc3 d5 4. cxd5 cxd5 5. Nf3 a6 6. Bf4 Nc6 7. e3 e6 8. Bd3
Be7 9. h3 O-O 10. O-O b5 11. Rc1 Bd7 12. Qe2 Nh5 13. Bh2 f5 14. Ne5 Nxe5 15.
Bxe5 Nf6 16. a3 Ra7 17. Rc2 Be8 18. Rfc1 Bh5 19. f3 Ne4 20. g4 Bg6 21. fxe4
fxe4 22. Bxb5 axb5 23. Nxb5 Rb7 24. Nc7 Rb6 25. Rc6 Rxc6 26. Rxc6 Qd7 27. Qa6
Rc8 28. b4 Bg5 29. b5 Bxe3+ 30. Kg2 Rf8 31. Nxe6 Qf7 32. Nf4 Bxf4 33. Rc7 Qxc7
34. Bxc7 Bxc7 35. Qe6+ Kh8 36. Qe7 Re8 37. Qxc7 e3 38. Kf1 Bd3+ 0-1

[Event "2017 Edmonton Championship"]
[Site "Edmonton"]
[Date "2017.01.05"]
[Round "1.1"]
[White "Valencia, Belsar"]
[Black "Pedersen, Rick"]
[Result "1-0"]
[WhiteElo "2366"]
[BlackElo "1879"]
[PlyCount "47"]
[EventDate "2017.01.05"]
[EventType "k.o."]
[EventRounds "4"]
[EventCountry "CAN"]
[SourceDate "2016.04.20"]

1. Nf3 g6 2. d4 Bg7 3. g3 c6 4. c4 Nf6 5. Nc3 O-O 6. Bg2 d5 7. O-O Nbd7 8. cxd5
cxd5 9. Qb3 Nb6 10. a4 Bg4 11. Ne5 Be6 12. Rd1 Ne4 13. a5 Nxc3 14. bxc3 Nc4 15.
Nxc4 dxc4 16. Qxb7 Rb8 17. Qxa7 Rb3 18. Ba3 Qd7 19. Qxd7 Bxd7 20. Bb4 Bg4 21.
f3 Bd7 22. f4 Rb2 23. Bf3 Re8 24. a6 1-0